Série Marvel Netflix - Daredevil - Statistiques

Statistiques générales
  • Ce quiz a été pris 52 fois
  • Le résultat moyen est 4 sur 35
Statistiques - réponses
Réponse % Correct
Matt Murdock / Daredevil
98%
Karen Page
60%
Wilson Fisk / Le Caïd
53%
Frank Castle / Punisher
45%
Benjamin "Dex" Pointdexter / Bullseye
17%
Stick
15%
Ben Urich
13%
Claire Temple
11%
Elektra Natchios
9%
Franklin "Foggy" Nelson
9%
James Wesley
6%
Leland Owlsley
6%
madame Gao
6%
Blake Tower
4%
Melvin Potter
4%
Nobu
4%
Turk Barrett
4%
Vanessa Marianna
4%
Benjamin Donovan
2%
Brett Mahoney
2%
Josie
2%
Marci Stahl
2%
Mitchell Ellison
2%
Shirley Benson
2%
Anatoly Ranskahov
0%
Doris Urich
0%
Francis
0%
Jack "Battlin" Murdock
0%
Jeri Hogarth
0%
Louisa Delgado
0%
Père Paul Lantom
0%
Rahul "Ray" Nadeem
0%
Sergei
0%
Sœur Maggie Grace
0%
Vladimir Ranskahov
0%
Aucun quiz correspondant
Distribution des résultats
% des personnes avec chaque résultat
Percentile par nombre de réponses
Votre historique - résultats
Vous n’avez pas pris ce quiz